01330nam a2200361Ia 4500001001200000003000800012006001900020007001500039008004100054010001700095020002300112020002200135020002600157020002500183020001800208040002100226035002100247050002300268082001400291100003000305245009600335260004300431300001600474504005100490533015200541650003700693651002700730655002900757700002200786710001700808856012600825999001700951ebr10233353CaPaEBRm u cr cn|||||||||060606s2006 enk sb 001 0 eng d z 2006017170 z1845202384 (cloth) z1845202392 (pbk.) z9781845202385 (cloth) z9781845202392 (pbk.) z9781847883230 aCaPaEBRcCaPaEBR a(OCoLC)29055225614aDA925b.W55 2006eb04a941.52221 aWilson, Thomas M.,d1951-14aThe anthropology of Irelandh[electronic resource] /cThomas M. Wilson and Hastings Donnan. aOxford, UK ;aNew York :bBerg,c2006. axiv, 241 p. aIncludes bibliographical references and index. aElectronic reproduction.bPalo Alto, Calif. :cebrary,d2009.nAvailable via World Wide Web.nAccess may be limited to ebrary affiliated libraries. 0aNational characteristics, Irish. 0aIrelandxCivilization. 7aElectronic books.2local1 aDonnan, Hastings.2 aebrary, Inc.40uhttp://site.ebrary.com/lib/rucke/Doc?id=10233353zAn electronic book accessible through the World Wide Web; click to view c38097d38097